000 00899cam a2200253 a 4500
001 3485539
003 NUST - PNEC
005 20170116181016.0
008 940629s1995 nyua b 001 0 eng
010 _a 94005266
020 _a0070156751
020 _a0071132767
040 _cLIBRARY
082 0 0 _a621.39814 DAU
100 1 _aDaugherty, Kevin M.
245 1 0 _aAnalog-to-digital conversion : a practical approach /
_cKevin M. Daugherty.
260 _aNew York :
_bMcGraw-Hill,
_cc1995.
300 _axv, 213 p. :
_bill. ;
_c24 cm.
504 _aIncludes bibliographical references (p. 209-210) and index.
650 0 _aAnalog-to-digital converters.
_xEL, MS COMM
906 _a7
_bcbc
_corignew
_d1
_eocip
_f19
_gy-gencatlg
942 _2ddc
_cBK
999 _c67280
_d67280